| 000 | 01407nam0a2200349 4500 | ||
|---|---|---|---|
| 001 | RU\NLR\bibl\243189 | ||
| 005 | 20250619114442.0 | ||
| 010 |
_a5-8039-0026-5 _9250 |
||
| 021 |
_aRU _b2001-44665 _92129 |
||
| 035 | _a(NLR Aleph) 000239060 | ||
| 090 |
_a1392897 _c1392897 |
||
| 100 | _a20020305d2000 |||y0rusy50 ca | ||
| 101 | 0 | _arus | |
| 102 | _aRU | ||
| 105 | _ay ||||||||| | ||
| 200 | 1 |
_aСоциально-экономические особенности оценки качества жизни и проведения досуга населения Российской Федерации _fН. Н. Устинов |
|
| 210 |
_aМ. _cЭкон _d2000 |
||
| 215 |
_a15 с. _d21 |
||
| 606 | 0 |
_aКачество жизни _yРоссийская Федерация _92195308 _3RU\NLR\auth\661319449 |
|
| 610 | 0 | _aМатериальное благосостояние и культурный уровень жизни народа - Социологические исследования | |
| 610 | 0 | _aРоссийская Федерация, экономика | |
| 675 |
_a330.59(470) _v3 _zrus |
||
| 686 |
_a06 _2rugasnti |
||
| 686 |
_a65.9(2Рос)-94 _2rubbk |
||
| 686 | _aУ9(2)-94(2Р) | ||
| 700 | 1 |
_aУстинов _bН. Н. _4070 |
|
| 801 | 0 |
_aRU _bRKP _c20020305 _gPSBO |
|
| 801 | 1 |
_aRU _bRKP _c20020305 |
|
| 801 | 2 |
_aRU _bNLR _c20020605 _grcr |
|
| 942 | _cBOOK | ||
| 980 | _aNB | ||